Personal knowledge : towards a post-critical philosophy /
में बचाया:
| मुख्य लेखक: | |
|---|---|
| स्वरूप: | पुस्तक |
| भाषा: | अंग्रेज़ी |
| प्रकाशित: |
London :
Routledge & Kegan Paul,
1962.
|
| विषय: | |
| टैग: |
कोई टैग नहीं, इस रिकॉर्ड को टैग करने वाले पहले व्यक्ति बनें!
|
MARC
| LEADER | 00000cam a22000002a 4500 | ||
|---|---|---|---|
| 001 | 0000013588 | ||
| 003 | DAYSTAR | ||
| 005 | 20171002014818.0 | ||
| 008 | 030703s1962 xx 001 0 eng d | ||
| 020 | |||
| 040 | |a Daystar |d Kmbae | ||
| 050 | 1 | |a B822 |b .P65 | |
| 100 | 1 | |a Polanyi, Michael. | |
| 245 | 1 | 0 | |a Personal knowledge : |b towards a post-critical philosophy / |c Michael Polanyi. |
| 260 | |a London : |b Routledge & Kegan Paul, |c 1962. | ||
| 300 | |a 428p. | ||
| 630 | 0 | ||
| 650 | 0 | |a Critical theory. | |
| 908 | |a 060412 | ||
| 942 | |c G | ||
| 952 | |0 0 |1 0 |4 0 |6 B_822_000000000000000_P65_1962 |7 0 |9 7351 |a DUA |b DUA |c GC |d 2017-09-28 |l 0 |o B822.P65 1962 |p BK000077 |q 2012-08-02 |r 2017-09-28 00:00:00 |s 2012-07-19 |w 2017-09-28 |x 50941 |y G | ||
| 999 | |c 4833 |d 4833 | ||